| 000 | 01094pam a2200325 a 4500 | ||
|---|---|---|---|
| 999 |
_c2279 _d2279 |
||
| 001 | 013790305 | ||
| 003 | Uk | ||
| 005 | 20230410095012.0 | ||
| 008 | 070703s2007 enka j 000 1 eng d | ||
| 015 |
_aGBA754399 _2bnb |
||
| 016 | 7 |
_a013790305 _2Uk |
|
| 020 | _a9780746085295 (hbk.) : | ||
| 040 |
_aStDuBDS _beng _cStDuBDS _dUk _dKH8 |
||
| 042 | _aukblcatcopy | ||
| 082 | 0 | 4 |
_a823.92 MAC _222 |
| 100 | 1 |
_aMackinnon, Mairi. _eauthor |
|
| 245 | 1 | 4 |
_aThe fox and the stork / _cbased on a story by Aesop ; retold by Mairi Mackinnon ; illustrated by Rocío Martínez ; reading consultant, Alison Kelly. |
| 260 |
_aLondon : _bUsborne, _c2007. |
||
| 300 |
_a32 p. : _bchiefly col. ill. ; _c21 cm. |
||
| 336 |
_atext _2rdacontent |
||
| 337 |
_aunmediated _2rdamedia |
||
| 338 |
_avolume _2rdacarrier |
||
| 490 | 0 | _aUsborne first reading.Level one | |
| 500 |
_aFormerly CIP. _5Uk |
||
| 655 | 0 | _aChildren's stories. | |
| 655 | 7 |
_aChildren's stories _vPictorial works. _2gsafd |
|
| 700 | 1 |
_aMartínez Pérez, Rocío. _eillustrator |
|
| 700 | 1 |
_aKelly, Alison. _ereading consultor |
|
| 942 |
_2ddc _cNFIC |
||